00545nam a2200193Ia 4500001000700000003000500007008004100012010001100053040000900064082001600073100003300089245010500122260006400227300002100291440000500312500000500317503000500322650002400327Z_3697CHAP220113s1980 xx 000 0 und d a166778 cCHAP a636.085 F46 aFernández Rivera, Salvador aMaterial para el curso de nutrición animal II (primera parte) /cpor Salvador Fernández Rivera aChapingo, Méx. :bUACH. Departamento de Zootecnia,c1980 a86 h. ; gráfs. a a a 0aNutrición animal